000 00376nam a22001577a 4500
008 230929b |||||||| |||| 00| 0 eng d
020 _a0-13-193066-3
082 _a105.32
100 _aMary Sumner
245 _aComputer Concept and User
_cMary Sumner
260 _aNew Delhi
_bPHI
_c1985
300 _a547
650 _aBB CSE
796 _aMary Sumner
942 _2ddc
_cBK
999 _c20269
_d20269